Alle Bahnhöfe in Brandenburg (SPNV) - Statistiken

Allgemein
  • Dieses Quiz wurde 176 mal gespielt
    58 seit der letzten Aktualisierung
  • Das Durchschnittsergebnis liegt bei 123 aus 340
Antwortstatistiken
Station % Korrekt
Potsdam Hauptbahnhof
91%
Frankfurt (Oder)
83%
Brand Tropical Islands
78%
Cottbus Hauptbahnhof
78%
Königs Wusterhausen
78%
Lübbenau (Spreewald)
78%
Lübben (Spreewald)
78%
Oranienburg
78%
Potsdam Medienstadt Babelsberg
78%
Wusterhausen (Dosse)
78%
Brandenburg Hauptbahnhof
74%
Eberswalde Hauptbahnhof
74%
Erkner
74%
Hennigsdorf (b Berlin)
74%
Nauen
74%
Potsdam-Babelsberg
74%
Rathenow
74%
Schönefeld (b Berlin)
74%
Werder (Havel)
74%
Bernau (b Berlin)
70%
Dallgow-Döberitz
70%
Elstal
70%
Falkenberg (Elster)
70%
Falkenberg (Mark)
70%
Flughafen BER
70%
Strausberg
70%
Teltow
70%
Wittenberge
70%
Beelitz-Heilstätten
65%
Eisenhüttenstadt
65%
Falkensee
65%
Finsterwalde (Niederlausitz)
65%
Fürstenwalde (Spree)
65%
Guben
65%
Potsdam Griebnitzsee
65%
Senftenberg
65%
Wildau
65%
Angermünde
61%
Blankenfelde (Kr Teltow-Fläming)
61%
Elsterwerda
61%
Golm
61%
Ludwigsfelde
61%
Ludwigsfelde-Struveshof
61%
Potsdam Charlottenhof
61%
Potsdam Park Sanssouci
61%
Spremberg
61%
Templin
61%
Wustermark
61%
Bad Belzig
57%
Birkenwerder (b Berlin)
57%
Brück (Mark)
57%
Eichwalde
57%
Forst (Lausitz)
57%
Halbe
57%
Hohen Neuendorf (b Berlin)
57%
Hoppegarten (Mark)
57%
Jüterbog
57%
Luckenwalde
57%
Michendorf
57%
Petershagen Nord
57%
Petershagen (Uckermark)
57%
Prenzlau
57%
Saarmund
57%
Schwedt (Oder)
57%
Strausberg Nord
57%
Waßmannsdorf
57%
Zeuthen
57%
Zossen
57%
Beelitz Stadt
52%
Fangschleuse Tesla Süd
52%
Herzberg (Elster)
52%
Herzberg (Mark)
52%
Mahlow
52%
Marquardt
52%
Neuenhagen (b Berlin)
52%
Potsdam Pirschheide
52%
Potsdam-Rehbrücke
52%
Pritzwalk
52%
Seddin
52%
Strausberg Stadt
52%
Teltow Stadt
52%
Trebbin
52%
Velten (Mark)
52%
Wittstock (Dosse)
52%
Bergfelde (b Berlin)
48%
Bernau-Friedenstal
48%
Borgsdorf
48%
Brieselang
48%
Calau (Niederlausitz)
48%
Fangschleuse
48%
Finkenkrug
48%
Fredersdorf (b Berlin)
48%
Fürstenberg (Havel)
48%
Groß Kreutz
48%
Hegermühle
48%
Karstädt
48%
Kremmen
48%
Küstrin-Kietz
48%
Lehnitz
48%
Löwenberg (Mark)
48%
Mühlenbeck-Mönchmühle
48%
Nennhausen
48%
Neustadt (Dosse)
48%
Paulinenaue
48%
Perleberg
48%
Priort
48%
Rangsdorf
48%
Röntgental
48%
Seegefeld
48%
Wandlitz
48%
Zehdenick (Mark)
48%
Zepernick (b Bernau)
48%
Ahrensfelde Friedhof
43%
Bad Wilsnack
43%
Birkenstein
43%
Caputh-Schwielowsee
43%
Chorin
43%
Doberlug-Kirchhain
43%
Frankfurt (Oder)-Rosengarten
43%
Götz
43%
Gransee
43%
Kirchmöser
43%
Kyritz
43%
Meyenburg
43%
Müllrose
43%
Neuruppin Rheinsberger Tor
43%
Neuruppin West
43%
Rheinsberg (Mark)
43%
Sachsenhausen (Nordbahn)
43%
Schönfließ
43%
Schönwalde (Barnim)
43%
Schönwalde (Spreewald)
43%
Seelow (Mark)
43%
Treuenbrietzen
43%
Werneuchen
43%
Wiesenburg (Mark)
43%
Bad Freienwalde (Oder)
39%
Bad Saarow
39%
Britz
39%
Caputh-Geltow
39%
Ferch-Lienewitz
39%
Großbeeren
39%
Hohen Neuendorf West
39%
Joachimsthal
39%
Müncheberg (Mark)
39%
Ortrand
39%
Pritzwalk West
39%
Templin Stadt
39%
Thyrow
39%
Wilhelmshorst
39%
Woltersdorf (Nuthe-Urstromtal)
39%
Wünsdorf-Waldstadt
39%
Altes Lager
35%
Bad Saarow Klinikum
35%
Bad Saarow-Pieskow
35%
Bärenklau
35%
Basdorf
35%
Beetz-Sommerfeld
35%
Bestensee
35%
Birkengrund
35%
Buckow (b Beeskow)
35%
Dabendorf
35%
Elsterwerda-Biehla
35%
Friesack (Mark)
35%
Fürstenwalde (Spree) Süd
35%
Golßen (Niederlausitz)
35%
Groß Köris
35%
Hangelsberg
35%
Luckau-Uckro
35%
Oehna
35%
Passow (Uckermark)
35%
Rehfeld (b Falkenberg/Elster)
35%
Ruhland
35%
Schönerlinde
35%
Tantow
35%
Vetschau
35%
Wandlitzsee
35%
Wensickendorf
35%
Wriezen
35%
Bad Liebenwerda
30%
Beeskow
30%
Biesenthal
30%
Breddin
30%
Dannenwalde (Gransee)
30%
Groß Schönebeck (Schorfheide)
30%
Hohenleipisch
30%
Joachimsthal Kaiserbahnhof
30%
Klosterfelde
30%
Kolkwitz
30%
Kyritz am Bürgerpark
30%
Lauchhammer
30%
Nassenheide
30%
Netzeband
30%
Neuhof (b Zossen)
30%
Niederfinow
30%
Premnitz Zentrum
30%
Rüdnitz
30%
Ruhlsdorf-Zerpenschleuse
30%
Schwante
30%
Schwedt (Oder) Mitte
30%
Vehlefanz
30%
Werbig
30%
Wustrau-Radensleben
30%
Zehdenick-Neuhof
30%
Blumberg (b Berlin)
26%
Borkheide
26%
Brandenburg-Altstadt
26%
Dahlewitz
26%
Finkenheerd
26%
Glöwen
26%
Großräschen
26%
Hammelspring
26%
Heiligengrabe
26%
Jacobsdorf (Mark)
26%
Jänschwalde
26%
Kraftwerk Finkenheerd
26%
Lindow (Mark)
26%
Lottschesee
26%
Pillgram
26%
Pinnow (Uckermark)
26%
Sedlitz Ost
26%
Storkow (Mark)
26%
Vogelsang (Kr Oberhavel)
26%
Wendisch-Rietz
26%
Zühlsdorf
26%
Ahrensfelde Nord
22%
Baitz
22%
Baruth (Mark)
22%
Blönsdorf
22%
Briesen (Mark)
22%
Casekow
22%
Coschen
22%
Cottbus-Sandow
22%
Drebkau
22%
Falkenhagen Gewerbepark Prignitz
22%
Grunow (Niederlausitz)
22%
Hosena
22%
Lindenberg (Mark)
22%
Neupetershain
22%
Niedergörsdorf
22%
Niederlehme
22%
Peitz Ost
22%
Premnitz Nord
22%
Prösen
22%
Prösen Ost
22%
Rehfelde
22%
Schönow (Uckermark)
22%
Schwarzheide Ost
22%
Uebigau
22%
Walddrehna
22%
Wusterwitz
22%
Zeesen
22%
Bahnsdorf
17%
Berkenbrück
17%
Döberitz
17%
Fretzdorf
17%
Golzow (b Eberswalde)
17%
Golzow (Oderbruch)
17%
Groß Pankow
17%
Großwudicke
17%
Grüneberg
17%
Helenesee
17%
Jänschwalde Ost
17%
Klasdorf Glashütte
17%
Klinge
17%
Kolkwitz Süd
17%
Lubolz
17%
Luckaitztal
17%
Medewitz (Mark)
17%
Melchow
17%
Neuzelle
17%
Oderin
17%
Plessa
17%
Prösen West
17%
Rückersdorf
17%
Seefeld (Mark)
17%
Seehausen (Uckermark)
17%
Seelow-Gusow
17%
Teichland
17%
Walsleben
17%
Warnitz (Uckermark)
17%
Weisen
17%
Wilmersdorf (b Angermünde)
17%
Zellendorf
17%
Zernsdorf
17%
Altdöbern
13%
Alt Hüttendorf
13%
Bergsdorf
13%
Blumberg-Rehhahn
13%
Brügge (Prignitz)
13%
Buschow
13%
Cottbus-Willmersdorf Nord
13%
Drahnsdorf
13%
Elsholz
13%
Frankfurt (Oder)-Neuberesinchen
13%
Friedersdorf (b Königs Wusterhausen)
13%
Görden
13%
Herrensee
13%
Hubertushöhe
13%
Kablow
13%
Kerkwitz
13%
Kummersdorf (b Storkow)
13%
Kunersdorf
13%
Letschin
13%
Liebenthal (Prignitz)
13%
Mixdorf
13%
Neutrebbin
13%
Oegeln
13%
Pritzerbe
13%
Raddusch
13%
Schneeberg (Mark)
13%
Schönborn (b Doberlug)
13%
Treuenbrietzen Süd
13%
Wutike
13%
Altranft
9%
Alt Rosenthal
9%
Bagenz
9%
Beutersitz
9%
Blumenthal (Mark)
9%
Bölzke
9%
Buchholz (Zauche)
9%
Cottbus-Merzdorf
9%
Dossow (Prignitz)
9%
Fermerswalde
9%
Fohrde
9%
Gollmitz (Niederlausitz)
9%
Gorgast
9%
Klandorf
9%
Leuthen (b Cottbus)
9%
Mögelin
9%
Nechlin
9%
Neuhausen (b Cottbus)
9%
Obersdorf
9%
Pritzwalk-Hainholz
9%
Rosenwinkel
9%
Sarnow
9%
Trebnitz (Mark)
9%
Wellmitz
9%
Wiesenau
9%
Ziltendorf
9%
Keine übereinstimmenden Quizze gefunden
Verteilung der Resultate
Anzahl Personen mit jedem Resultat
Perzentil nach korrekt beantworteten Fragen
Ihre Resultats-Entwicklung
Sie haben dieses Quiz seit der letzten Aktualisierung nicht gespielt